Mannschaften in deutschen Profiligen 2022/2023 - Statistiken

Allgemein
  • Dieses Quiz wurde 72 mal gespielt
  • Das Durchschnittsergebnis liegt bei 39 aus 67
Antwortstatistiken
Test % Korrekt
Bayern München
98%
Hertha BSC
98%
1. FC Union Berlin
97%
Alba Berlin
97%
Borussia Dortmund
97%
Eisbären Berlin
97%
Füchse Berlin
97%
Eintracht Frankfurt
95%
Fraport Skyliners
95%
RB Leipzig
95%
SC DHfK Leipzig
95%
1. FC Köln
92%
Bayer 04 Leverkusen
92%
FC Schalke 04
92%
Kölner Haie
92%
Grizzlys Wolfsburg
89%
SC Freiburg
89%
TVB Stuttgart
89%
VfB Stuttgart
89%
Vfl Wolfsburg
89%
Werder Bremen
89%
Augsburger Panther
87%
FC Augsburg
87%
1. FSV Mainz 05
85%
TSG 1899 Hoffenheim
85%
Hamburg Towers
84%
Handball Sport Verein Hamburg
84%
Borussia Mönchengladbach
82%
VFL Bochum
79%
EHC Red Bull München
77%
FC Bayern München
77%
THW Kiel
76%
Düsseldorfer EG
71%
Adler Mannheim
66%
TSV Hannover-Burgdorf
66%
Nürnberg Ice Tigers
61%
SG Flensburg-Handewitt
58%
Telekom Basket Bonn
53%
SC Magdeburg
52%
ratiopharm Ulm
47%
Rostock Seawolves
39%
ERC Ingolstadt
35%
Rhein-Neckar Löwen
35%
Bergischer HC
32%
EWE Baskets Oldenburg
32%
Fischtown Pinguins Bremerhaven
32%
Iserlohn Roosters
32%
Niners Chemnitz
32%
Löwen Braunschweig
31%
s.Oliver Würzburg
29%
Brose Bamberg
26%
VfL Gummersbach
26%
Schwenninger Wild Wings
23%
Straubing Tigers
21%
Bietigheim Steelers
19%
Medi Bayreuth
19%
BG Göttingen
18%
Frisch Auf Göppingen
18%
HC Erlangen
18%
MT Melsungen
18%
ASV Hamm-Westfalen
16%
MHP Riesen Ludwigsburg
15%
HSG Wetzlar
13%
GWD Minden
11%
Crailsheim Merlins
10%
Syntainics MBC
3%
TBV Lemgo Lippe
2%
Keine übereinstimmenden Quizze gefunden
Verteilung der Resultate
Anzahl Personen mit jedem Resultat
Perzentil nach korrekt beantworteten Fragen
Ihre Resultats-Entwicklung
Sie haben dieses Quiz noch nicht gespielt